00486nam a2200181Ia 450000500170000000800410001702000230005804000190008104100120010008200130011210000210012524500550014626000410020130000100024265000210025265100200027385000110029320231214112651.0131103s9999 xx 000 0 und d a9814070041cRs 210 aLoreto College aEnglish a428bDAV aDavidson, George aPhrases, Clauses and Sentences, cGeorge Davidson aSingaporebLearners Publishingc2001 a198p  aEnglish Language aEnglish Grammar aLCLIB